000 00443nam a2200181Ia 4500
005 20250603145348.0
008 250603s9999 xx 000 0 und d
020 _a9789811654657
050 _aTN 871 .M53/
100 _aEdited by Lalit Pandey and Pankaji Tiwari
245 0 _aMicrobial enhanced oil recovery
260 _aSoingapore
260 _bSpringer
260 _c2022
300 _a260 p
650 _aSoingapore
942 _cBK
999 _c41641
_d41641